000 00332nam a22001457a 4500
008 180814b xxu||||| |||| 00| 0 eng d
020 _a9780205795826
041 _aeng
080 _a616.8
082 _a616.8
100 _a7
101 _aNEU
245 _aFoundations of behavioral neuroscience
_cCarlson.N.R
942 _2udc
_cBK
999 _c47161
_d47161